[Event "RSA-ch U14 Girls"]
[Site "Waterkloof"]
[Date "2015.04.08"]
[Round "8"]
[White "Kettledas, Danielle"]
[Black "Van der Walt, Marelize"]
[Result "0-1"]
[WhiteElo "1033"]
[BlackElo "1155"]
[PlyCount "92"]
[EventDate "2015.04.04"]
[EventType "swiss"]
[EventRounds "9"]
[EventCountry "RSA"]
[SourceTitle "CBM 166 Extra"]
[Source "ChessBase"]
[SourceDate "2015.06.18"]
[SourceVersion "1"]
[SourceVersionDate "2015.06.18"]
[SourceQuality "1"]

1. e4 e5 2. Nf3 Nc6 3. Bc4 Bc5 4. d3 h6 5. Be3 Bxe3 6. fxe3 Nf6 7. c3 d6 8. Bb3 Bg4 9. h3 Bh5 10. 0-0 0-0 11. Qe1 Bg6 12. Nh4 Bh7 13. Qg3 Na5 14. Bc2 Nh5 15. Qg4 Qg5 16. Qxg5 hxg5 17. Nf5 Bxf5 18. Rxf5 f6 19. b4 Nc6 20. Rf3 a6 21. g4 g6 22. gxh5 gxh5 23. Nd2 Kh7 24. Raf1 Kg6 25. d4 Rad8 26. R1f2 h4 27. Nf1 Kh5 28. Nh2 Kg6 29. Ng4 Rd7 30. Rxf6+ Rxf6 31. Rxf6+ Kg7 32. Rf1 b5 33. Bb3 Nd8 34. Rf5 Kg6 35. Rf6+ Kg7 36. Be6 Re7 37. Bb3 exd4 38. exd4 Rxe4 39. Bc2 Rxg4+ 40. hxg4 Kxf6 41. a4 Ne6 42. d5 Nf4 43. Kf2 Nxd5 44. axb5 axb5 45. Ke2 Nxc3+ 46. Kd3 Nd5 0-1

[Event "RSA-ch U14 Girls"]
[Site "Waterkloof"]
[Date "2015.04.07"]
[Round "6"]
[White "Kettledas, Danielle"]
[Black "Parthiephal, Dayaan"]
[Result "1-0"]
[WhiteElo "1033"]
[BlackElo "1352"]
[PlyCount "45"]
[EventDate "2015.04.04"]
[EventType "swiss"]
[EventRounds "9"]
[EventCountry "RSA"]
[SourceTitle "CBM 166 Extra"]
[Source "ChessBase"]
[SourceDate "2015.06.18"]
[SourceVersion "1"]
[SourceVersionDate "2015.06.18"]
[SourceQuality "1"]

1. e4 e5 2. Nf3 Nc6 3. Bc4 Bc5 4. 0-0 Nf6 5. d3 d6 6. c3 a6 7. Bb3 Bg4 8. Be3 Ba7 9. Qd2 Bxf3 10. gxf3 h6 11. Kh1 Qd7 12. Rg1 Rg8 13. Bc2 d5 14. Bxa7 Nxa7 15. d4 exd4 16. cxd4 dxe4 17. fxe4 0-0-0 18. d5 g5 19. Qd4 Nh5 20. Qxa7 Qb5 21. Rc1 Qxb2 22. Nd2 Qc3 23. Ba4 1-0